000 00540nas a2200205 i 4500
001 2632
003 ES-MaACL
005 20250709062525.0
008 950801c1897 sp | | 1 ||pa d
080 _a460
080 _a37
245 0 0 _aNúmero-almanaque para 1897 de El Magisterio español.
260 _aMadrid :
_bEl Magisterio Español,
_c1897.
300 _a16 p. :
_bil. ;
_c35 cm.
310 _aAnual
740 3 2 _aEl Magisterio español.
852 _aES-MaACL
_jT-770-F-3
942 _2udc
_cPERIODICA
999 _c2632
_d2632